UBT Library

Unsolved mysteries of the past. (Record no. 41253)

000 -LEADER
fixed length control field 00663pam a2200229 a 4500
001 - CONTROL NUMBER
control field 1997653
005 - DATE AND TIME OF LATEST TRANSACTION
control field 20180130043644.0
008 - FIXED-LENGTH DATA ELEMENTS--GENERAL INFORMATION
fixed length control field 901221s1991 nyua 001 0 eng
010 ## - LIBRARY OF CONGRESS CONTROL NUMBER
LC control number 90028809
020 ## - INTERNATIONAL STANDARD BOOK NUMBER
International Standard Book Number 0895773597
040 ## - CATALOGING SOURCE
Original cataloging agency DLC
Transcribing agency DLC
Modifying agency DLC
041 ## - LANGUAGE CODE
Language code of text/sound track or separate title eng
080 ## - UNIVERSAL DECIMAL CLASSIFICATION NUMBER
Universal Decimal Classification number 001.9 DUP
082 00 - DEWEY DECIMAL CLASSIFICATION NUMBER
Classification number 001.9 DUP
Edition number 20
100 ## - Rafti
Rafti 42
101 ## - Shkurtesa
Shkurtesa AST
245 00 - TITLE STATEMENT
Title Unsolved mysteries of the past.
906 ## - LOCAL DATA ELEMENT F, LDF (RLIN)
a 7
b cbc
c orignew
d 1
e ocip
f 19
g y-gencatlg
942 ## - ADDED ENTRY ELEMENTS (KOHA)
Source of classification or shelving scheme
Item type Books
Holdings
Withdrawn status Lost status Source of classification or shelving scheme Damaged status Not for loan Collection code Permanent location Current location Shelving location Date acquired Total Checkouts Full call number Barcode Date last seen Price effective from Koha item type
          Koleksioni i përgjithshem UBT - Lipjan UBT - Lipjan Koleksioni i përgjithshem 01/30/2018   001.9 DUP 002-2997045 01/30/2018 01/30/2018 Books
UBT Library © 2015-2024. All rights reserved University Education for Business and Technology